| 000 | 01869nam0a2200361 4500 | ||
|---|---|---|---|
| 001 | RU\NLR\bibl\1871370 | ||
| 005 | 20260408070838.0 | ||
| 010 |
_a978-5-9973-1670-9 _994 |
||
| 021 |
_aRU _b2012-2698 _9195 |
||
| 035 | _a(NLR Aleph) 001861210 | ||
| 090 |
_a2533993 _c2533993 |
||
| 100 | _a20120217d2011 |||y0rusy50 ca | ||
| 101 | 0 | _arus | |
| 102 | _aRU | ||
| 105 | _aa ||||||||| | ||
| 200 | 1 |
_aЭкономическое развитие страны: различные аспекты вопроса _eМатериалы IV Международной научно-практической конференции (27 октября 2011 г.) _eсборник научных трудов _fпод науч. ред. д.э.н., доц. С.В. Галачиевой |
|
| 210 |
_aМосква _cСпутник+ _d2011 |
||
| 215 |
_a288 с. _cил. _d21 |
||
| 300 | _aВ надзаг.: Центр науч. мысли | ||
| 320 | _aБиблиогр. в конце ст. | ||
| 606 | 1 |
_aЭкономика _jСъезды, совещания и т.п. _91414491 _3RU\NLR\auth\66284709 |
|
| 607 |
_aРоссийская Федерация _jСъезды, совещания и т.п. _xНародное хозяйство _92106777 _3RU\NLR\auth\661273591 |
||
| 686 | _aУ.я431 | ||
| 686 | _aУ03(2Р)74я431 | ||
| 702 | 1 |
_aГалачиева _bС. В. _gСветлана Владимировна _4340 |
|
| 711 | 1 | 2 |
_a"Экономическое развитие страны: различные аспекты вопроса", международная научно-практическая конференция _d4 _f2011 _eТаганрог _3RU\NLR\AUTH\8810212690 _9312295 |
| 801 | 0 |
_aRU _bNLR _c20120217 _gRCR |
|
| 801 | 1 |
_aRU _bNLR _c20120217 |
|
| 942 | _cBOOK | ||
| 980 | _aNB | ||
| 980 | _aNBR | ||